000
00288nam a22001217a 4500
008
180313b xxu||||| |||| 00| 0 eng d
041
_a
eng
080
_a
62
100
_a
26
101
_a
MEK
245
_a
Vector mechanics for engineers statics and dynamics
_c
Beer,F.P
942
_2
udc
_c
BK
999
_c
44905
_d
44905